| 000 | 00523nam a22001937a 4500 | ||
|---|---|---|---|
| 003 | KOHA_MİRAKIL | ||
| 005 | 20251118083841.0 | ||
| 008 | 251118b tu ||||| |||| 00| 0 tur d | ||
| 020 | _a9786053757139 | ||
| 040 |
_aTR-AnABB _btur _cTR-AnABB |
||
| 041 | _atur | ||
| 082 |
_a828.3354 _bLEC 2017 |
||
| 100 | 1 | _aLeckie, Ann, | |
| 245 | 1 | 0 |
_aMerhamet / _cAnn Leckie |
| 260 |
_aİstanbul : _bİthaki Yayınları, _c2017 |
||
| 300 |
_a351 sayfa ; _c21 cm |
||
| 650 | 0 | 4 | _aAmerikan edebiyatı, roman |
| 942 |
_2ddc _cBK |
||
| 999 |
_c9508 _d9508 |
||
| 900 | _bGizem YORULMAZ | ||